000 00782nam a2200253 i 4500
001 184340
003 ES-MaACL
005 20250815153216.0
008 150624s1969 sp ao |||| |dspa d
080 _a75.034.7/.8
100 1 _aGay, Claire.
_9157122
245 1 3 _aEl siglo XVIII /
_cClaire Gay.
260 _aMadrid :
_bAguilar,
_c1969.
300 _a207 p. :
_bil. col. y n. ;
_c27 cm.
490 1 _aHistoria general de la pintura ;
_v14
500 _aCronología.
500 _aÍndice.
504 _aBibliografía: p. 204.
650 7 _aPintura rococó
_2embne
_9157123
650 7 _aPintura barroca
_2embne
_9157119
830 0 _aHistoria general de la pintura ;
_v14
_9192109
852 _aES-MaACL
_jE-15658
_z. - enc. cart.
999 _c184340
_d184340